Design of solar energy based air-conditioning system for climate conditions of Pakistan / (Record no. 534624)

000 -LEADER
fixed length control field 00563nam a22001577a 4500
020 ## - INTERNATIONAL STANDARD BOOK NUMBER
Qualifying information Hard Cover.
082 ## - DEWEY DECIMAL CLASSIFICATION NUMBER
Classification number 621.402
100 ## - MAIN ENTRY--PERSONAL NAME
Personal name Samad, Abdul Farooq.
245 ## - TITLE STATEMENT
Title Design of solar energy based air-conditioning system for climate conditions of Pakistan /
Statement of responsibility, etc. Abdul Samad Farooq.
260 ## - PUBLICATION, DISTRIBUTION, ETC.
Place of publication, distribution, etc. Islamabad :
Name of publisher, distributor, etc. USPCAS-E - NUST
Date of publication, distribution, etc. 2017.
300 ## - PHYSICAL DESCRIPTION
Extent xii, 84 p. ill. ;
Dimensions 30cm.
942 ## - ADDED ENTRY ELEMENTS (KOHA)
Source of classification or shelving scheme
Koha item type Thesis
650 ## - SUBJECT ADDED ENTRY--TOPICAL TERM
Topical term or geographic name entry element Thermal Energy Engineering - MS Thesis,
700 ## - ADDED ENTRY--PERSONAL NAME
Personal name Dr. Muhammd Bilal Sajid.
650 ## - SUBJECT ADDED ENTRY--TOPICAL TERM
-- 28897
700 ## - ADDED ENTRY--PERSONAL NAME
-- 28898
Holdings
Withdrawn status Lost status Source of classification or shelving scheme Damaged status Not for loan Permanent Location Current Location Shelving location Date acquired Total Checkouts Full call number Barcode Date last seen Price effective from Koha item type
          Central Library (CL) Central Library (CL) Thesis 03/09/2020   621.402 CL-T-5418 03/09/2020 03/09/2020 Thesis
© 2023 Central Library, National University of Sciences and Technology. All Rights Reserved.